000
00276nam a22001217a 4500
003
SGT
082
_a
618.92
_b
P09C
100
_a
CHANG,ANNE B
245
_a
PEDIATRIC CLINICS OF NORTH AMERICA VOL 56
260
_a
PHILADELPHIA
_b
SAUNDERS
_c
2009
300
_a
315
942
_2
ddc
_c
BK
999
_c
14043
_d
14043